| 000 | 00439nam a2200193Ia 4500 | ||
|---|---|---|---|
| 005 | 20240823022718.0 | ||
| 008 | 240823s9999||||xx |||||||||||||| ||und|| | ||
| 020 | _a81-7809-186-0 | ||
| 041 | _aENGLISH | ||
| 082 | _A509.2 P3 | ||
| 100 | _a"Dearlove,Des" | ||
| 245 | 4 | _aTHe Bill Gates Way | |
| 250 | _a1st | ||
| 260 |
_c2003 _b"Magna,M" _aMumbai |
||
| 500 | _aYES | ||
| 650 |
_aLeadership _bGeneral |
||
| 942 | _cBK | ||
| 999 |
_c179822 _d179822 |
||